טוען...

Critical review of selected time use surveys /

מידע ביבליוגרפי
מחבר ראשי: Budlender, Debbie
שפה:Undetermined
יצא לאור: UN , 2007.
LEADER 00439nam a2200133Ia 4500
001 155359
008 170722s9999 xx 000 0 und d
100 |a Budlender, Debbie 
245 |a Critical review of selected time use surveys / 
260 |b UN ,  |c 2007. 
500 |a Gender and development paper no. 2 
942 |c GEN 
999 |c 174160  |d 174160 
952 |0 0  |1 0  |4 0  |6 UNRISD  |7 0  |8 UN  |9 239995  |a LIB  |b LIB  |d 2017-08-12  |o UNRISD  |p UN2773  |r 2017-08-12  |w 2017-08-12  |y GEN